| 000 | 00640 a2200181 4500 | ||
|---|---|---|---|
| 003 | Nust | ||
| 005 | 20221228124706.0 | ||
| 040 | _cNust | ||
| 082 | _a355.02,KAV | ||
| 100 |
_aB. M. Kaul _9106200 |
||
| 245 |
_aThe untold story / _cLt.Gen B. M. Kaul |
||
| 260 |
_aUnion Book Stall _bKarachi _c1967 |
||
| 300 |
_a507 p _billus |
||
| 505 | _aThe Prelude (Page-30), The Transition (Page-59), The Many Parts (Page-81), The Preparation (Page-175), The Luck Of The Draw (Page-353), The Play is not Done (Page-471), The Epilogue (Page-495). | ||
| 600 |
_aB. M. Kaul _9106200 |
||
| 650 |
_aThe untold story _9106201 |
||
| 942 |
_2ddc _cBK _k355.02,KAV |
||
| 999 |
_c185492 _d185492 |
||